000 00485nam a2200169 a 4500
001 0147
005 20140414132040.0
008 040804s19uu xx 00 eng d
050 _aBB
_bG35 bk.1
245 _aThe Giant treasury of fairy tales, 1.
260 _c[n.d.].
300 _a1 v. : ill. ; cm.
500 _aContents: Rumpelstiltskin--The Princess on the glass mountain--The Brave little tailor.
650 _aFolk tales.
650 _aChildren stories.
999 _c113827
_d113827